Goodbye Mr Chips (Record no. 79614)

MARC details
000 -LEADER
fixed length control field 00487nam a22001937a 4500
005 - DATE AND TIME OF LATEST TRANSACTION
control field 20140220114356.0
010 ## - LCCN (DPL NO)
LC control number G-2205
020 ## - INTERNATIONAL STANDARD BOOK NUMBER
International Standard Book Number 9788125952121
Terms of availability 98.00
035 ## - SYSTEM CONTROL NUMBER
System control number G-2205
037 ## - SOURCE OF ACQUISITION
Stock number GIFT
082 ## - DEWEY DECIMAL CLASSIFICATION NUMBER
Classification number S
100 ## - MAIN ENTRY--PERSONAL NAME
Personal name Hilton.James
245 ## - TITLE STATEMENT
Title Goodbye Mr Chips
Statement of responsibility, etc by/James Hilton
260 ## - PUBLICATION, DISTRIBUTION, ETC. (IMPRINT)
Place of publication, distribution, etc N.Delhi
Name of publisher, distributor, etc Madhubun
270 ## - ADDRESS
Address 576,Masjid Road,Jangpura
City N.Delhi
Postal code 110014
300 ## - PHYSICAL DESCRIPTION
Extent 76p.
Other physical details col.ill.
Dimensions 22cm(pbk)
942 ## - ADDED ENTRY ELEMENTS (KOHA)
Source of classification or shelving scheme Dewey Decimal Classification
Item type Children Books
Classification part S
Call number prefix HIL
Holdings
Withdrawn status Lost status Not for loan Collection code Home library Current library Date acquired Cost, normal purchase price Full call number Barcode Copy number Cost, replacement price Koha item type
      Fiction Mobile Library Mobile Library 24/09/2013 98.00 S G-2205 1 98.00 Children Books

© Delhi Public Library
Hit Counter
free hit counter